| 000 | 00620nam a22001697a 4500 | ||
|---|---|---|---|
| 020 | _qHard Cover. | ||
| 082 | _aBICSE-6 ANA | ||
| 100 | _aAnam Tahir. | ||
| 245 |
_aDesign of a Hybrid Access Network for SEECS, Sector H-12, Islamabad / _cTahir, Anam : Mustafa, Syed |
||
| 260 |
_aIslamabad: _bSEECS-NUST, _c2012. |
||
| 300 |
_a71 p. : _bill. ; _c30cm. |
||
| 650 |
_aBachelor in Information and Computer Science Engineering . _955503 |
||
| 700 |
_aDr. Tauseef Tauqeer _919289 |
||
| 856 | _uhttp://10.250.8.41:8080/xmlui/handle/123456789/32044 | ||
| 942 |
_2ddc _cPR |
||
| 999 |
_c566342 _d566342 |
||